000
00260 a2200121 4500
000
nam a22 7a 4500
100
_a
Kamaldeep
110
_a
Kamaldeep
245
_a
Programming for Problem-solving with C
260
_b
Bpb
264
_b
Bpb
942
_c
BK
999
_c
394928
_d
394928